| 000 | 00718cam a2200205 a 4500 | ||
|---|---|---|---|
| 001 | 3033100 | ||
| 005 | 20250702154419.0 | ||
| 008 | 950420s1995 miua b 001 0 eng | ||
| 020 |
_a0802807933 _qpaper : alk. paper |
||
| 020 |
_a0853646872 _qalk. paper |
||
| 020 |
_a9780802807939 _q(paper : alk. paper) |
||
| 020 |
_a9780853646877 _q(alk. paper) |
||
| 050 | 0 | 0 |
_aBS2331 _b.H43 1995 |
| 082 | 0 | 0 |
_a225.6/01 _220 |
| 245 | 0 | 0 |
_aHearing the New Testament : _bstrategies for interpretation / _cedited by Joel B. Green. |
| 260 |
_aGrand Rapids, Mich. : _bW.B. Eerdmans Pub. Co. ; _aCarlisle : _bPaternoster Press, _c1995. |
||
| 300 |
_axvi, 444 p. : _bill. ; _c23 cm. |
||
| 700 | 1 |
_aGreen, Joel B., _d1956- |
|
| 942 |
_2lcc _cBK _n0 |
||
| 999 |
_c6814 _d6814 |
||